000
00369nam a2200157 a 4500
001
3240
005
20140414131916.0
008
040202s19uu xx 00 eng d
050
_a
ER
_b
L72 1995
245
_a
Little red riding hood.
260
_b
Tormont,
_c
1995.
300
_a
p. ; cm.
650
_a
Folktales.
650
_a
Children stories.
999
_c
111472
_d
111472